| 000 | 00401nam a2200169Ia 4500 | ||
|---|---|---|---|
| 001 | 25943 | ||
| 003 | IN-NITTTR | ||
| 005 | 20251114233327.0 | ||
| 008 | 251113s9999||||xx |||||||||||||| ||eng|| | ||
| 040 | _beng | ||
| 040 | _cIN-NITTTR | ||
| 041 | _aeng | ||
| 082 | _a005.8 B1D | ||
| 100 | _aBhaskar, Adarsh Kumar | ||
| 245 | 0 |
_aData compression techniques / _cBhaskar, Adarsh Kumar |
|
| 942 |
_2ddc _cBK |
||
| 999 |
_c28572 _d28572 |
||